000 00635nam a2200217 a 4500
005 20210219153158.0
008 991125n 000 0 spa u
035 _aUPN01000082474
222 _aREVISTA LATINOAMERICANA DE PSICOLOGIA
245 _aLos indigentes: aspectos psicológicos de su rehabilitación / James P. Thompson... [et al]
260 _aCOLOMBIA
300 _a365-374
362 _a1993 Vol. 25, no. 3
653 0 _aCONDICION SOCIAL
653 0 _aESTADOS UNIDOS DE AMERICA
653 0 _aINDIGENTES
653 0 _aPROBLEMAS SOCIALES
653 0 _aREHABILITACION
904 _aAC
_b020285
905 _aArticulo
999 _c70349
_d70349